00374nam a2200133 a 45000010010000000030011000100080041000210350026000620820018000881000022001062450040001282600048001686500024002160000-9353ELIB.Books110520 1987  a(ELIB.Books)0000-9505 a268.432 bFee aFeeney, Stephanic aWho am I in the Livers of Children? bColumbus: Merrill Publishing Company c1987 aChristian Education